Great one-day International/ (Record no. 153119)

MARC details
000 -LEADER
fixed length control field 00605nam a22002057a 4500
005 - DATE AND TIME OF LATEST TRANSACTION
control field 20180626154331.0
008 - FIXED-LENGTH DATA ELEMENTS--GENERAL INFORMATION
fixed length control field 180626b xxu||||| |||| 00| 0 eng d
010 ## - LCCN (DPL NO)
LC control number A-998160
020 ## - INTERNATIONAL STANDARD BOOK NUMBER
International Standard Book Number 8125016929
Terms of availability 0.00
035 ## - SYSTEM CONTROL NUMBER
System control number A-998160
037 ## - SOURCE OF ACQUISITION
Source of stock number/acquisition BPPD /PUB
082 ## - DEWEY DECIMAL CLASSIFICATION NUMBER
Classification number 796.358
100 ## - MAIN ENTRY--PERSONAL NAME
Personal name Ezekiel,Gulu
245 ## - TITLE STATEMENT
Title Great one-day International/
Statement of responsibility, etc by Gulu Ezekiel
250 ## - EDITION STATEMENT
Edition statement
260 ## - PUBLICATION, DISTRIBUTION, ETC. (IMPRINT)
Place of publication, distribution, etc Hyderabad
Name of publisher, distributor, etc Orient Longman
Date of publication, distribution, etc 1999
270 ## - ADDRESS
Address 3-6-272 Himayatnagar
City Hyderabad
Postal code 500029
300 ## - PHYSICAL DESCRIPTION
Extent v, 128p.
Other physical details ill.
Dimensions 24 cm. (HB)
942 ## - ADDED ENTRY ELEMENTS (KOHA)
Institution code [OBSOLETE] dpl
Item type English Books
Call number prefix 796.358EZE
Source of classification or shelving scheme Dewey Decimal Classification
Classification part 796.358
Call number suffix EZE
Holdings
Withdrawn status Lost status Source of classification or shelving scheme Damaged status Not for loan Collection code Home library Current library Date acquired Source of acquisition Cost, normal purchase price Total Checkouts Full call number Barcode Date last seen Cost, replacement price Koha item type
    Dewey Decimal Classification     Non-fiction Shahdara Branch Shahdara Branch 26/06/2018 BPPD/PUB 0.00   796.358 EZE A-998160 26/06/2018 0.00 English Books

© Delhi Public Library
Hit Counter
free hit counter